Core path plans (Record no. 78718)
[ view plain ]
| 000 -LEADER | |
|---|---|
| fixed length control field | 00771cab a22001935a 4500 |
| 001 - CONTROL NUMBER | |
| control field | L137816 |
| 008 - FIXED-LENGTH DATA ELEMENTS--GENERAL INFORMATION | |
| fixed length control field | 070501s2007 xxk f 000 0 eng d |
| 035 ## - SYSTEM CONTROL NUMBER | |
| System control number | (Sirsi) u137816 |
| 041 0# - LANGUAGE CODE | |
| Language code of text/sound track or separate title | eng |
| 100 1# - MAIN ENTRY--PERSONAL NAME | |
| Personal name | Hackston, Alistair |
| 245 00 - TITLE STATEMENT | |
| Title | Core path plans |
| 490 ## - SERIES STATEMENT | |
| Series statement | Scottish Planner |
| Volume/sequential designation | (106) September 2005, 10(1) |
| 520 ## - SUMMARY, ETC. | |
| Summary, etc. | Reviews guidance on the Land Reform (Scotland) Act 2003. Discusses the need for Access Authorities to resolve local difficulties using Core Path Planning. Identifies timescales, staff resourcing, cost, and willingness of Access Authorities as enabling factors. |
| 650 24 - SUBJECT ADDED ENTRY--TOPICAL TERM | |
| Topical term or geographic name entry element | LAND REFORM (SCOTLAND) ACT 2003 |
| 650 24 - SUBJECT ADDED ENTRY--TOPICAL TERM | |
| Topical term or geographic name entry element | CORE PATH PLANS |
| 651 #4 - SUBJECT ADDED ENTRY--GEOGRAPHIC NAME | |
| Geographic name | Scotland |
| Chronological subdivision | 1999- |
| 690 ## - LOCAL SUBJECT ADDED ENTRY--TOPICAL TERM (OCLC, RLIN) | |
| Topical term or geographic name as entry element | PROPERTY-RURAL AND NATURAL ASSETS-LAND |
| 942 ## - ADDED ENTRY ELEMENTS (KOHA) | |
| Suppress in OPAC | 0 |
| Withdrawn status | Lost status | Source of classification or shelving scheme | Damaged status | Not for loan | Home library | Current library | Shelving location | Date acquired | Total Checkouts | Full call number | Barcode | Date last seen | Copy number | Price effective from | Koha item type |
|---|---|---|---|---|---|---|---|---|---|---|---|---|---|---|---|
| Dewey Decimal Classification | London | London | Journal article | 01/05/2007 | L137816 | 137816-1001 | 06/08/2019 | 1 | 06/08/2019 | Journal article |